All grass tennis tournaments 2023 - Statistics

General Stats
  • This quiz has been taken 18 times
  • The average score is 4 of 8
Answer Stats
Hint Answer % Correct
Grand Slam Wimbledon
100%
500 Halle
75%
500 London
44%
250 Mallorca
44%
250 Newport
44%
250 Hertogenbosch
38%
250 Stuttgart
38%
250 Eastbourne
25%
No matching quizzes found
Score Distribution
Percent of People with Each Score
Percentile by Number Answered
Your Score History
You have not taken this quiz